| 000 | 00782nab a2200229 4500 | ||
|---|---|---|---|
| 003 | BR-BrBNA | ||
| 005 | 20251222233236.0 | ||
| 008 | 251222b bl.||||| |||| 00| 0 por d | ||
| 040 |
_aBR-BrBNA _bpor |
||
| 072 | _aF01 ; L01 ; S01 ; Q02 ; E16 ; P01 | ||
| 100 | _aLammel, João | ||
| 245 |
_aA nova revolução verde a serviço do homem _bArtigo |
||
| 500 | _a2 illus. | ||
| 650 | _aAGRONEGÓCIO | ||
| 650 | _aPRODUÇÃO DE ALIMENTO | ||
| 650 | _aPRODUTIVIDADE | ||
| 650 | _aCONSUMO ALIMENTAR | ||
| 650 | _aSUSTENTABILIDADE | ||
| 773 | 0 |
_01706 _9348080 _dSão Paulo-SP Editora Três Ltda - E-mail: luizfsa@revistadinheiro.com.br 2004 _o2025-0574 _tDinheiro Rural (Brazil) _x1807-3700 _gv. 9(102) p. 114; (Apr 2013) _wBR2025005299 |
|
| 942 | _cANA | ||
| 999 |
_c339551 _d339551 |
||